000 01949nam a2200469 a 4500
001 48301
003 BD-RjUL
005 20211209054509.0
008 160813s1991 bg ||||| |||| 00| 0 ben d
020 _c: Tk.450 (Vol. 1)
020 _c: Tk.450 (Vol. 2)
020 _c: Tk.450(Vol. 3)
020 _c: Tk.450(Vol. 4)
020 _c: Tk.450 (Vol. 5)
020 _c: Tk.450 (Vol. 6)
020 _c: Tk.2700(Set.)
035 _a(BD-RjUL)48420
040 _aBD-RjUL
_bben
_cBD-RjUL
_dBD-RjUL
041 _aben
082 _223
_a891.5511
_bFER 1991
100 1 _aফেরদৌসী, আবুল কাশেম
_9234660
245 0 1 _aফেরদৌসীর শাহনামা /
_cআবুল কাশেম ফেরদৌসী ; মনিরউদ্দিন ইউসুফ অনূদিত
260 _aঢাকা :
_bবাংলা একাডেমী,
_c১৯৯১.
300 _a৬ খণ্ড ;
_c২৪ সেমি.
490 _aবাএ ;
_v২৪৫৯ (V-1)
490 _aবাএ ;
_v২৪৬০ (V-2)
490 _aবাএ ;
_v২৪৬১ (V-3)
490 _aবাএ ;
_v২৪৬২ (V-4)
490 _aবাএ ;
_v২৪৬৩ (V-5)
490 _aবাএ ;
_v২৪৬৪ (V-6)
505 0 _aখন্ড. ১ -- খন্ড. ২ -- খন্ড. ৩ -- খন্ড. ৪ -- খন্ড. . -- খন্ড. ৫ --খন্ড. ৬
650 _aফার্সী কবিতা
_9234661
650 _aPersian Poetry
_9234662
700 _aইউসুফ, মনিরউদ্দিন, অনূবাদক
_9234666
830 _aবাএ ;
_v২৪৫৯ (V-1)
_9234667
830 _aবাএ ;
_v২৪৬০ (V-2)
_9234667
830 _aবাএ ;
_v২৪৬১ (V-3)
_9234667
830 _aবাএ ;
_v২৪৬২ (V-4)
_9234667
830 _aবাএ ;
_v২৪৬৩ (V-5)
_9234667
830 _aবাএ ;
_v২৪৬৪ (V-6)
_9234667
942 _2ddc
_cBK
999 _c48301
_d48301